| 000 | 00461nam a2200181Ia 4500 | ||
|---|---|---|---|
| 001 | 11067 | ||
| 005 | 20260306161919.0 | ||
| 008 | 260306t2015||||xx |||||||||||||| ||spa|| | ||
| 041 | _aESP | ||
| 082 |
_a985.004 _bD25 |
||
| 100 |
_aDargent, Eduardo _eAUT |
||
| 245 | 0 |
_aContra-historia del Perú: _bensayos de historia política peruana |
|
| 260 | _c2015 | ||
| 300 |
_a196 páginas : _c20 cm. |
||
| 650 | _aGEN | ||
| 654 | _aCHU | ||
| 942 |
_cLIB _dJUS _fJUS _2ddc _n |
||
| 999 |
_c11067 _d11067 |
||